000 00518nam a22001817a 4500
003 LK-CoMWRAF
005 20230922234726.0
008 230922b |||||||| |||| 00| 0 eng d
040 _aLK-CoMWRAF
_dLK-CoMWRAF
_eLK-CoMWRAF
041 _aeng
082 _a297.63
_bALI
100 _aAli, Maulana Muhammad
245 _aThe Living thoughts of the Prophet Muhammad
260 _aLahore :
_bAhmadiyyah anjuman,
650 _a MuḼammad, Prophet,
650 _aMuslims -- Arabian Peninsula -- Biography
942 _cBK
999 _c3624
_d3624